00530nam a2200169Ia 4500003000900000008004100009040001600050080002100066100002300087245011500110260002600225300001500251650002700266650002300293650001900316700002500335IN-BaIIA211028s9999 xx 000 0 eng d cIIA Library a621.3.011.7bBAL aBalabanian, Norman 0aElectrical network theorycNorman Balabanian and Theodore A. Bickart  aNew YorkbWileyc1969 axix, 931p. aElectrical engineering aElectrical network aNASA Thesaurus aBickart, Theodore A.